[Event "Chess24 Banter QualG 2020"]
[Site "chess24.com INT"]
[Date "2020.09.16"]
[Round "2.7"]
[White "Jones, Gawain C B"]
[Black "Grandelius, Nils"]
[Result "1/2-1/2"]
[WhiteTitle "GM"]
[BlackTitle "GM"]
[WhiteElo "2670"]
[BlackElo "2662"]
[WhiteFideId "409561"]
[BlackFideId "1710400"]
[EventDate "2020.09.15"]

1. e4 c5 2. Nf3 d6 3. Bb5+ Nd7 4. d4 cxd4 5. Qxd4 a6 6. Bxd7+ Qxd7 7. c4 e5 8.
Qd3 f5 9. Nc3 Nf6 10. Bg5 fxe4 11. Nxe4 Nxe4 12. Qxe4 h6 13. Be3 Qf7 14. c5 Bf5
15. Qb4 Qc7 16. Qa4+ Bd7 17. Qe4 O-O-O 18. O-O Bc6 19. Qg4+ Kb8 20. cxd6 Bxd6
21. Rac1 g5 22. Nd2 e4 23. Qh5 Bf4 24. Nc4 Rd5 25. g3 Rf8 26. Rc3 Bxe3 27. Nxe3
Rd2 28. Qxh6 Qf7 29. Rxc6 bxc6 30. Qxc6 Qb7 31. Qc5 Rc8 32. Qe5+ Ka8 33. Qxg5
Rxb2 34. a4 Ra2 35. a5 Rb2 36. Qf6 Rb5 37. Ra1 Qc6 38. Qd4 Re8 39. h4 Qc7 40.
Nc4 Rc5 41. Nb6+ Kb7 42. Nd5 Qd6 43. Qb4+ Ka7 44. Qb6+ Qxb6 45. Nxb6 e3 46. fxe3
Rxe3 47. Kf2 Rcc3 48. Nd5 Rxg3 49. Nxc3 1/2-1/2

[Event "Chess24 Banter QualG 2020"]
[Site "chess24.com INT"]
[Date "2020.09.19"]
[Round "3.1"]
[White "Sjugirov, Sanan"]
[Black "Jones, Gawain C B"]
[Result "1/2-1/2"]
[WhiteTitle "GM"]
[BlackTitle "GM"]
[WhiteElo "2675"]
[BlackElo "2670"]
[WhiteFideId "4189302"]
[BlackFideId "409561"]
[EventDate "2020.09.15"]

1. e4 c5 2. Nf3 d6 3. Bb5+ Bd7 4. Bxd7+ Qxd7 5. O-O Nf6 6. d4 cxd4 7. Qxd4 Nc6
8. Qd3 g6 9. c4 Bg7 10. Nc3 O-O 11. h3 Rac8 12. Rd1 Qe6 13. Ng5 Qd7 14. Qe2 h6
15. Nf3 Qe6 16. Rb1 Ne5 17. Nxe5 Qxe5 18. Bd2 a6 19. Rbc1 b5 20. cxb5 axb5 21.
a3 Rc4 22. f4 Qc5+ 23. Be3 Qc6 24. e5 dxe5 25. fxe5 Nd7 26. Nd5 Re8 27. Rxc4
bxc4 28. e6 fxe6 29. Nf4 e5 30. Nd5 e4 31. Nb4 Qe6 32. Nd5 Rc8 33. Nf4 Qc6 34.
Nd5 Re8 35. Nb4 Qe6 36. Nd5 Rc8 37. Nf4 Qc6 38. Qg4 Ne5 39. Qe6+ Qxe6 40. Nxe6
Nd3 41. Nxg7 Kxg7 42. Rd2 e5 43. Rc2 Kf6 44. b4 h5 45. b5 Ke6 46. a4 Kd5 47. a5
c3 48. b6 Nb4 49. b7 Rb8 50. Rxc3 Rxb7 51. Rc5+ Kd6 52. Rc8 Rb5 53. Bb6 Nd5 54.
Rd8+ Kc6 55. Rc8+ Kb7 56. Re8 Nxb6 57. axb6 Kxb6 58. Re6+ Ka5 59. Rxg6 Kb4 60.
Kf2 Kc4 61. Rd6 Rb2+ 62. Ke3 Rxg2 63. Kxe4 Re2+ 64. Kf5 e4 65. Kf4 Kc3 66. h4
Re1 67. Rd8 e3 68. Kf3 Kc4 69. Rd7 Rh1 70. Kxe3 Rxh4 71. Kf2 Rg4 72. Kf3 Rd4 73.
Rxd4+ Kxd4 74. Kg3 Ke5 75. Kh4 Kf6 76. Kxh5 1/2-1/2

[Event "Chess24 Banter QualG 2020"]
[Site "chess24.com INT"]
[Date "2020.09.19"]
[Round "3.2"]
[White "Jones, Gawain C B"]
[Black "Sjugirov, Sanan"]
[Result "0-1"]
[WhiteTitle "GM"]
[BlackTitle "GM"]
[WhiteElo "2670"]
[BlackElo "2675"]
[WhiteFideId "409561"]
[BlackFideId "4189302"]
[EventDate "2020.09.15"]

1. e4 c5 2. Nf3 Nc6 3. Bb5 d6 4. O-O Bd7 5. c3 Nf6 6. d4 Nxe4 7. d5 Ne5 8. Na3
g6 9. Re1 Nf6 10. Nxe5 dxe5 11. Rxe5 Bg7 12. Bg5 O-O 13. Bxd7 Qxd7 14. Qf3 h6
15. Bxf6 Bxf6 16. Ree1 Rfd8 17. Rad1 Kg7 18. g3 b5 19. Nc2 a5 20. Ne3 h5 21. h4
Ra6 22. a4 b4 23. Qe2 Qb7 24. Rd3 Rad6 25. Red1 Qa6 26. Qc2 e6 27. Qb3 bxc3 28.
bxc3 Rc8 29. Nc4 Rxd5 30. Rxd5 exd5 31. Rxd5 Qe6 32. Ne3 c4 33. Qb7 Re8 34. Qc7
Bxc3 35. Qxc4 Bf6 36. Rxa5 Qd7 37. Rd5 Qb7 38. Qb5 Qe7 39. a5 Rc8 40. Rd1 Qa7
41. Qb6 Qa8 42. Nd5 Rc6 43. Qb3 Qxa5 44. Nxf6 Rxf6 45. Qb2 Qb6 46. Qa1 Qa6 47.
Qd4 Qb6 48. Qe5 Qxf2+ 49. Kh1 Qf3+ 50. Kh2 Qxd1 0-1

[Event "Chess24 Banter QualG 2020"]
[Site "chess24.com INT"]
[Date "2020.09.19"]
[Round "3.3"]
[White "Sjugirov, Sanan"]
[Black "Jones, Gawain C B"]
[Result "1/2-1/2"]
[WhiteTitle "GM"]
[BlackTitle "GM"]
[WhiteElo "2675"]
[BlackElo "2670"]
[WhiteFideId "4189302"]
[BlackFideId "409561"]
[EventDate "2020.09.15"]

1. d4 Nf6 2. Nf3 g6 3. Bf4 Bg7 4. e3 O-O 5. c3 d6 6. h3 Nbd7 7. Be2 b6 8. a4 a5
9. O-O Bb7 10. Bh2 Ne4 11. Nfd2 Nxd2 12. Nxd2 e5 13. Bf3 Qc8 14. Qb3 Bxf3 15.
Nxf3 Qb7 16. Rfd1 Rad8 17. Nd2 Rfe8 18. Nc4 Qa8 19. Qb5 h5 20. Rd2 exd4 21. cxd4
Nf6 22. Rc2 Nd5 23. Qb3 Nb4 24. Rc3 Nd5 25. Rcc1 Re7 26. Na3 g5 27. Nb5 Rde8 28.
Rc2 g4 29. hxg4 hxg4 30. Rac1 Qb7 31. Bxd6 cxd6 32. Nxd6 Qd7 33. Qxd5 Re6 34.
Rc6 Rd8 35. Rxb6 Rxd6 36. Rxd6 Qxd6 37. Qxd6 Rxd6 38. g3 Rd5 39. Kg2 Bf8 40. Rc6
Kg7 41. Kf1 Bb4 42. Ke2 Rh5 43. Rc1 Kf6 44. Rc6+ Ke7 45. Rc7+ Ke6 46. Rc6+ Kd7
47. Rf6 Ke7 48. Rf4 f5 49. e4 Bd6 50. e5 Bc7 51. f3 gxf3+ 52. Rxf3 Ke6 53. Kd3
Rh1 54. Kc4 Rc1+ 55. Kb5 Kd5 56. Rxf5 Rb1 57. Rf2 Rd1 58. Rc2 Bd8 59. Rc8 Be7
60. Rc7 Bb4 61. Rd7+ Ke6 62. Rd8 Be7 63. Re8 Rxd4 64. Kxa5 Rg4 65. Rb8 Rxg3 66.
b4 Kxe5 67. b5 Kd5 68. Rc8 Rb3 69. b6 Bc5 70. Rd8+ Kc6 71. Rc8+ Kd6 72. Rb8 Rb4
73. Ka6 Rxa4+ 74. Kb5 Rb4+ 75. Ka6 Rb1 76. Rd8+ Ke7 77. Rb8 Bd6 78. Rh8 Bc5 79.
Rh6 Kd7 80. Kb7 Bd4 81. Rh7+ Kd6 82. Rh6+ Kc5 83. Rh5+ Kc4 84. Rh6 Kb5 85. Rh5+
Bc5 86. Kc7 Rg1 87. b7 Rg7+ 88. Kc8 Rg8+ 89. Kc7 Rg7+ 90. Kc8 Rg8+ 91. Kc7 Rg7+ 1/2-1/2

[Event "Chess24 Banter QualG 2020"]
[Site "chess24.com INT"]
[Date "2020.09.19"]
[Round "3.4"]
[White "Jones, Gawain C B"]
[Black "Sjugirov, Sanan"]
[Result "1/2-1/2"]
[WhiteTitle "GM"]
[BlackTitle "GM"]
[WhiteElo "2670"]
[BlackElo "2675"]
[WhiteFideId "409561"]
[BlackFideId "4189302"]
[EventDate "2020.09.15"]

1. e4 c6 2. d4 d5 3. exd5 cxd5 4. Nf3 Nc6 5. Bb5 Bd7 6. c4 Nf6 7. Nc3 e6 8. O-O
dxc4 9. d5 Nxd5 10. Nxd5 exd5 11. Qxd5 Be7 12. Rd1 a6 13. Ng5 O-O 14. Bxc4 Bg4
15. Qxf7+ Rxf7 16. Bxf7+ Kf8 17. Rxd8+ Rxd8 18. Bb3 h6 19. h3 Bf5 20. Nf3 Na5
21. Be3 Nxb3 22. axb3 Bf6 23. Rc1 Be4 24. Rc7 Bxb2 25. Bc5+ Kg8 26. Re7 Bc6 27.
Ne5 Bd5 28. Nc4 Bxc4 29. bxc4 Rc8 30. Rxb7 Rxc5 31. Rxb2 Rxc4 32. Ra2 Rc6 33. f4
Kf7 34. Kf2 Ke6 35. Ra5 Kf6 36. Ke3 g6 37. g4 Ke6 38. Kd4 Kf6 39. Ke4 Re6+ 40.
Kf3 Kf7 41. h4 Rc6 42. h5 gxh5 43. Rxh5 Rc3+ 44. Ke4 Rc4+ 45. Ke3 Rc3+ 46. Kd4
Rc6 47. Ra5 Kg7 48. Ke5 Rg6 49. f5 Rxg4 50. Rxa6 Rc4 51. Ke6 Re4+ 52. Kd5 Re1
53. Rg6+ Kf7 54. Rxh6 Re2 55. Ra6 Re1 56. Rb6 Re2 57. Ra6 Re1 58. Re6 Rd1+ 59.
Ke5 Re1+ 60. Kd6 Rd1+ 61. Ke5 Re1+ 62. Kd6 Rd1+ 63. Ke5 1/2-1/2

[Event "Chess24 Banter QualG 2020"]
[Site "chess24.com INT"]
[Date "2020.09.19"]
[Round "3.5"]
[White "Sjugirov, Sanan"]
[Black "Jones, Gawain C B"]
[Result "0-1"]
[WhiteTitle "GM"]
[BlackTitle "GM"]
[WhiteElo "2675"]
[BlackElo "2670"]
[WhiteFideId "4189302"]
[BlackFideId "409561"]
[EventDate "2020.09.15"]

1. d4 Nf6 2. Nf3 g6 3. Bf4 Bg7 4. c3 O-O 5. h3 d6 6. e3 Nbd7 7. a4 c5 8. a5 b6
9. Be2 bxa5 10. Nbd2 Rb8 11. Nc4 Qc7 12. O-O Nb6 13. Nfd2 Nxc4 14. Nxc4 Be6 15.
dxc5 Qxc5 16. Rxa5 Qc6 17. Ra4 Nd7 18. Na5 Qc7 19. Qc2 Nc5 20. Ra3 Bf5 21. Qd2
Rfc8 22. Bf3 Nd3 23. b4 Bxc3 24. Qe2 Nxf4 25. exf4 Bxb4 26. Nc6 Bxa3 27. Nxe7+
Kf8 0-1

[Event "Chess24 Banter QualG 2020"]
[Site "chess24.com INT"]
[Date "2020.09.19"]
[Round "3.6"]
[White "Jones, Gawain C B"]
[Black "Sjugirov, Sanan"]
[Result "1-0"]
[WhiteTitle "GM"]
[BlackTitle "GM"]
[WhiteElo "2670"]
[BlackElo "2675"]
[WhiteFideId "409561"]
[BlackFideId "4189302"]
[EventDate "2020.09.15"]

1. e4 c5 2. Nf3 Nc6 3. Bb5 g6 4. c3 Nf6 5. Qe2 Bg7 6. d4 cxd4 7. cxd4 d5 8. e5
Ne4 9. O-O O-O 10. Be3 Qb6 11. Rd1 Bd7 12. Na3 Rfc8 13. Ne1 f6 14. Nd3 a6 15.
Ba4 Qa5 16. Bb3 b6 17. f3 Nc3 18. bxc3 Qxa3 19. exf6 Bxf6 20. Bxd5+ e6 21. Bb3
Na5 22. Ne5 Qe7 23. Nxd7 Qxd7 24. Qd3 b5 25. g3 Nc4 26. Re1 Qd5 27. Bf2 Rc6 28.
Re2 Rac8 29. Rae1 Kf7 30. Kg2 Re8 31. Qe4 Qd7 32. d5 Rd6 33. Bxc4 bxc4 34. dxe6+
Qxe6 35. Qb7+ Re7 36. Rxe6 1-0

[Event "Chess24 Banter QualG 2020"]
[Site "chess24.com INT"]
[Date "2020.09.19"]
[Round "3.7"]
[White "Sjugirov, Sanan"]
[Black "Jones, Gawain C B"]
[Result "1/2-1/2"]
[WhiteTitle "GM"]
[BlackTitle "GM"]
[WhiteElo "2675"]
[BlackElo "2670"]
[WhiteFideId "4189302"]
[BlackFideId "409561"]
[EventDate "2020.09.15"]

1. d4 Nf6 2. Nf3 g6 3. Bf4 Bg7 4. c3 O-O 5. h3 d6 6. e3 Nbd7 7. a4 c5 8. Nbd2 b6
9. Be2 Bb7 10. a5 bxa5 11. Nc4 Rb8 12. O-O Bd5 13. Nfd2 Qc7 14. Bh2 Ne4 15. Nxe4
Bxe4 16. Rxa5 cxd4 17. cxd4 Rxb2 18. Rxa7 Qxa7 19. Nxb2 Qb7 20. f3 Qxb2 21. fxe4
Nf6 22. Qd3 Rc8 23. Rb1 Rc1+ 24. Rxc1 Qxc1+ 25. Kf2 Bh6 26. Bf3 Qb2+ 27. Qe2 Qb3
28. e5 Nd5 29. Bxd5 Qxd5 30. exd6 exd6 31. Qf3 Qa2+ 32. Qe2 Qe6 33. Bg3 Bg5 34.
Qf3 h5 35. Bf4 Qa2+ 36. Kg3 Bxf4+ 37. Qxf4 Qe2 38. Kh2 Kg7 39. e4 Qd3 40. d5 Qd4
41. Qxd6 Qxe4 42. Kg1 Qe1+ 43. Kh2 Qe4 44. Kg1 Qe1+ 45. Kh2 Qe4 1/2-1/2

[Event "Chess24 Banter QualG 2020"]
[Site "chess24.com INT"]
[Date "2020.09.19"]
[Round "3.8"]
[White "Jones, Gawain C B"]
[Black "Sjugirov, Sanan"]
[Result "1/2-1/2"]
[WhiteTitle "GM"]
[BlackTitle "GM"]
[WhiteElo "2670"]
[BlackElo "2675"]
[WhiteFideId "409561"]
[BlackFideId "4189302"]
[EventDate "2020.09.15"]

1. e4 g6 2. d4 Bg7 3. Nc3 d6 4. Be3 a6 5. Qd2 b5 6. h4 h5 7. Nh3 Bxh3 8. Rxh3
Nf6 9. f3 Nbd7 10. O-O-O Rc8 11. Kb1 c5 12. dxc5 dxc5 13. e5 Nxe5 14. Qxd8+ Rxd8
15. Rxd8+ Kxd8 16. Bxc5 Nc6 17. f4 Kc7 18. Rd3 e6 19. g3 Bf8 20. Bf2 Bb4 21. Bg2
Rd8 22. Rxd8 Nxd8 23. Ne4 Ng4 24. Bg1 Nb7 25. c3 Be7 26. Kc2 e5 27. fxe5 Nxe5
28. Be3 Nc4 29. Bf4+ Kb6 30. b3 Ncd6 31. Be3+ Kc7 32. Bf4 Kd7 33. Bh3+ Kc6 34.
Bg2 Kd7 35. Bh3+ f5 36. Nf2 Nc5 37. Bg2 Ne6 38. Nd3 Nf7 39. Bb7 a5 40. Ba6 Kc6
41. Bc8 Nxf4 42. Nxf4 Ne5 43. Be6 Bc5 44. Bg8 Bf2 45. Bh7 Bxg3 46. Nxg6 Nf3 47.
Ne7+ Kb6 48. Nxf5 Bxh4 49. Bg6 Bf6 50. Bxh5 Ne5 51. Nd4 Nd7 52. Be2 b4 53. cxb4
Bxd4 54. bxa5+ Kxa5 55. a3 Bf6 56. Bh5 Be7 57. b4+ Kb6 58. Kb3 Ne5 59. Be2 Nc6
60. Bd3 Bg5 61. Be4 Nd4+ 62. Kc4 Nb5 63. a4 Nd6+ 64. Kd5 Kc7 65. b5 Nb7 66. Kc4
Na5+ 67. Kb4 Kb6 68. Bc6 Be7+ 69. Kc3 Kc5 70. Kd3 Bd8 71. Ke4 Kb4 72. Kd5 Bb6
73. Be8 Kxa4 74. Bc6 Kb4 75. Be8 Kc3 76. Bc6 Kd3 77. Be8 Ke3 78. Bg6 Kf4 79. Be8
Kf5 80. Bd7+ Kf6 81. Be8 Ke7 82. Bh5 Kd7 83. Bg4+ Kc7 84. Bd1 Nb7 85. Be2 Nd6
86. Ke6 Ne4 87. Bc4 Nc3 88. Bd3 Bd4 89. Bf1 Kb6 90. Bd3 Kc5 91. Bf1 Nd5 92. Kd7
Be5 93. Ke6 Bd6 94. b6 Nxb6 95. Be2 Nd5 96. Bf3 Nf4+ 97. Kf5 Bc7 98. Ba8 Kd4 99.
Bb7 Nd3 100. Ba8 Nc5 101. Bf3 Ke3 102. Ba8 Nb3 103. Bd5 Nd4+ 104. Kg4 Bd6 105.
Ba8 Ne2 106. Bf3 Ng3 107. Ba8 Kd4 108. Bg2 Ne2 109. Bf3 Nc3 110. Kf5 Ke3 111.
Ba8 Nb5 112. Bh1 Bh2 113. Ba8 Nd6+ 114. Kg4 Kd4 115. Bh1 1/2-1/2